000 00597nam a22001937a 4500
005 20140916112554.0
010 _aENG-110851
020 _a9788175417052
_c295.00
035 _aEN-94383
037 _bDBAD/PUB
082 _a616.85270651
100 _aAndal N.
245 _aHope in defeating depression /
_cby Andal N.
260 _aNew Delhi
_bShipra Publications
_c2014
270 _aLG-18-19, Pankaj Central Market, Patparganj
_bNew Delhi
_e110092
300 _axv,224p.
_c22cm(pbk)
500 _aIncludes bibliographical references
942 _2ddc
_cEN
_mAND
_h616.85270651
999 _c88617
_d88617